Mejorar la escritura de la investigación cualitativa

Guardat en:
Dades bibliogràfiques
Autor principal: Wolcott, Harry F (Autor)
Format: Llibre
Idioma:espanyol
Publicat: Medellín Universidad de Antioquía 2003
Edició:1a. ed
Col·lecció:Contus
Matèries:
Etiquetes: Afegir etiqueta
Sense etiquetes, Sigues el primer a etiquetar aquest registre!

MARC

LEADER 00000cam a2200000 a 4500
001 UCF0710
003 CL-VaPUC
008 120607e20030000CK |||||||||||||||||spa|d
020 |a 9586556557 
082 0 4 |a 300.72  |b WOL  |2 21 
100 0 |a Wolcott, Harry F  |e author  |9 562453 
245 1 0 |a Mejorar la escritura de la investigación cualitativa 
250 |a 1a. ed 
300 |a 226 p 
942 |c BK 
945 |d 20120607 00:00:00  |a cmena 
260 |a Medellín  |b Universidad de Antioquía  |c 2003 
650 0 |a Ciencias sociales  |v Investigación  |9 307767 
650 0 |a Técnicas de redacción   |9 460283 
650 0 |a Análisis del discurso  |9 256696 
650 7 |a REDACCION DE INFORMES  |2 CL-VaPUC  |9 562454 
583 |a last modification  |c 20130320 03:20:04  |k Rodrigo Vera 
490 0 |a Contus 
999 |c 347891  |d 347889 
952 |0 0  |1 0  |4 0  |6 300_720000000000000_WOL_2003  |7 0  |8 A  |9 449618  |a BIBEDU  |b BIBEDU  |d 2019-11-22  |i 487563K  |o 300.72 WOL 2003  |p 487563K  |r 2019-11-22  |w 2019-11-22  |y BK  |k EPE